000 00688nam a2200265Ia 4500
005 20260121172135.0
008 008 260114s9999 xx 000 0 eng d
020 _a9789811560484
037 _aEBOOK
040 _aCRL
040 _beng
040 _cCRL
041 _2eng
041 _aeng
084 _qCRL
100 _aFaisal Saeed, Tawfik Al-Hadhrami, Fathey Mohammed, Errais Mohammed
_91084769
245 0 _aAdvances on Smart and Soft Computing
260 _bSpringer
260 _bSpringer
260 _c2021
856 _uhttps://link.springer.com/openurl?genre=book&isbn=978-981-15-6048-4
942 _cEBOOK
999 _c1650504
_d1650504